| 000 | 00420 a2200169 4500 | ||
|---|---|---|---|
| 001 | 62404 | ||
| 020 | _a97885060717748 | ||
| 040 | _cAnchieta - Pituba | ||
| 100 | _aDoyle, Arthur Conan | ||
| 240 | 1 | 0 |
_aO jogador desaparecido e outras aventuras _lpor |
| 245 | 1 | 0 | _aO jogador desaparecido e outras aventuras |
| 300 | _a136 | ||
| 362 | 0 | _a2014 | |
| 440 | 1 | _aMelhoramentos | |
| 650 | 4 | _aLiteratura juvenil | |
| 942 | _cBK | ||
| 999 |
_c62404 _d62404 |
||